000
00285nam a2200109Ia 4500
008
220120s9999||||xx |||||||||||||| ||und||
100
_a
Samuel, Sudhakar
245
0
_a
Logic Design
260
_a
Sanguine Technical publications
_b
Bangalore
300
_b
130
650
_a
POLOTICAL SCIENCE
999
_c
137274
_d
137274